000 00429nam a2200181Ia 4500
001 10601
005 20260306161844.0
008 260306t2008||||xx |||||||||||||| ||spa||
041 _aESP
082 _a944.02
_bL33
100 _aLe Goff, Jacques
_eAUT
245 0 _aLos intelectuales en la Edad Media
260 _c2008
300 _a187 páginas :
_c23 cm.
650 _aGEN
654 _aCHU
942 _cLIB
_dJUS
_fJUS
_2ddc
_n
999 _c10601
_d10601